Hören und Anschauen im Literaturunterricht : zur Arbeit mit audiovisuellen Mitteln /

Hlavní autor: Bütow, Wilfried, 1927-2007
Další autoři: Dahm, Horst
Jazyk: Němčina
Vydáno: Berlin : Volk und Wissen, 1977
Vydání: 1. Aufl.
Témata:
Fyzický popis: 215 s.
Knihy
Uloženo v:
LEADER 00849nam a22002172a 4500
001 000418885
003 CZ BrMZK
005 19990307143423.0
008 990307s1977 gw f ger d
040 |a BOA001  |b cze 
100 1 |a Bütow, Wilfried,  |d 1927-2007  |7 mzk2004220612 
245 1 0 |a Hören und Anschauen im Literaturunterricht :  |b zur Arbeit mit audiovisuellen Mitteln /  |c Wilfried Bütow, Horst Dahm 
250 |a 1. Aufl. 
260 |a Berlin :  |b Volk und Wissen,  |c 1977 
300 |a 215 s. 
700 1 |a Dahm, Horst 
910 |a BOA001  |b PK-0080.860 
964 |a Výchova literární - pomůcky audiovizuální - užití - příručky 
964 |a Němčina mateřská - literatura - pomůcky audiovizuální - užití - příručky 
990 |a BK 
996 7 |b 3119825984  |c PK-0080.860  |l MZK  |r Sklad / do 1 hodiny  |n 0  |w 000418885  |u 000010  |a 1  |e BOA001  |j MZK50  |s A